000 00413nam a2200181Ia 4500
001 11645
003 GE_BSU
008 181216s||||||||xx |||||||||||||| ||und||
040 _cGE_BSU
245 _aLe Point №2188. 21 aout 2014.
245 _b№2188. 21 aout 2014.
260 _aparis
260 _c2014
300 _a98p.27cm.
653 _aLe Point
653 _aპერიოდიკა
942 _cCR
999 _c44831
_d44831